000 00628nam a2200229Ia 4500
003 OSt
005 20221006164907.0
006 a|||||r|||| 00| 0
007 ta
008 221006b |||||||| |||| 00| 0 eng d
024 _a192
037 _cTextual
040 _aFML
_cFML
_beng
041 _2eng
_aeng
082 _aQ11-14:(Y), L7
100 _aChakrabarty Chhanda Au.
_9678615
245 0 _aCommon Life In The Rigveda And Atharvaveda
260 _aKolkata
_bPunthi Pustak
_c1977
300 _a278
_ccm.
942 _hQ11-14:(Y), L7
_cTEXL
_2CC
999 _c1118849
_d1118849